| 000 | 012420000a22001930004500 | ||
|---|---|---|---|
| 041 | 0 | _aSPA | |
| 082 | 0 | 4 | _aG 189.4 L7914f |
| 245 | 1 | 0 | _aTomás de Aquino : Circunstancia y biografía / Joaquín Llanos Entrepueblos, Selección y adaptación de textos |
| 250 | _a2 | ||
| 260 | _aBogotá, Colombia : Univ. Santo Tomás | ||
| 300 | _a154 Pag. | ||
| 505 | 0 | 0 | _aemperadores, papas y oligarcas en torno a su cuna -- los monjes pretenden domesticarlo -- del campo a la cuidad -- en la cuidad de Nápoles -- ingreso al gremio universitario -- opción social y religiosa con botas militares al fondo -- de la prisión a la universidad de Paris -- por tierras de Alemania con Alberto de Colonia -- profesor novel en la agitada universidad de Paris -- profesor caminante Italia -- de nuevo profesor en Paris -- vuelta su universidad de origen en Nápoles -- las sumas y las características de la síntesis tomista -- actitudes en la personalidad de Tomás de Aquino |
| 650 | 1 | 4 | _aTOMAS DE AQUIINO, SANTO, 1225-1274 \ FILOSOFOS CRISTIANOS - BIOGRAFIAS \ TEOLOGOS - BIOGRAFIAS \ SANTOS - BIOGRAFIAS |
| 001 | 1399 | ||
| 942 | _cBK | ||
| 999 |
_c32722 _d32722 |
||
| 336 |
_atexto _btxt _2rdacontent |
||
| 337 |
_2rdamedia _asin mediación _bn |
||
| 338 |
_2rdacarrier _avolumen _bnc |
||